000 00365nam a2200157Ia 4500
003 OSt
005 20240509164127.0
008 170619s9999 xx 000 0 und d
040 _cIIMT ENGINEERING COLLEGE
100 _aChawla -Shshi
245 0 _aEngineering Chemisty
260 _bDhanpat Rai Pub.
260 _c2003
546 _aENGLISH
942 _2ddc
_c01
999 _c16867
_d16867